MARC details
| 000 -LEADER |
| fixed length control field |
01255cam a2200325 4500 |
| 001 - CONTROL NUMBER |
| control field |
780567 |
| 003 - CONTROL NUMBER IDENTIFIER |
| control field |
OSt |
| 005 - DATE AND TIME OF LATEST TRANSACTION |
| control field |
20230627113021.0 |
| 008 - FIXED-LENGTH DATA ELEMENTS--GENERAL INFORMATION |
| fixed length control field |
730828s1973 gw 100 0 eng |
| 010 ## - LIBRARY OF CONGRESS CONTROL NUMBER |
| LC control number |
73079405 |
| 015 ## - NATIONAL BIBLIOGRAPHY NUMBER |
| National bibliography number |
GDR |
| 020 ## - INTERNATIONAL STANDARD BOOK NUMBER |
| International Standard Book Number |
3503010270 |
| 040 ## - CATALOGING SOURCE |
| Original cataloging agency |
DLC |
| Transcribing agency |
DLC |
| Modifying agency |
DLC |
| 041 0# - LANGUAGE CODE |
| Language code of text/sound track or separate title |
engfreger |
| 050 00 - LIBRARY OF CONGRESS CALL NUMBER |
| Classification number |
GF3 |
| Item number |
.I4 1972 |
| 082 00 - DEWEY DECIMAL CLASSIFICATION NUMBER |
| Classification number |
333.7 |
| Item number |
IPC |
| 111 2# - MAIN ENTRY--MEETING NAME |
| Meeting name or jurisdiction name as entry element |
International Parliamentary Conference on the Environment, |
| Number [OBSOLETE] |
2d, |
| Location of meeting |
Vienna, |
| Date of meeting |
1972. |
| 245 14 - TITLE STATEMENT |
| Title |
The parliamentary viewpoint on the Stockholm conference; |
| Remainder of title |
proceedings. Le point de vue parlementaire sur la Conférence de Stockholm; procès-verbaux. Der parlamentarische Standpunkt zur Stockholmer Konferenz; Bericht. |
| 260 ## - PUBLICATION, DISTRIBUTION, ETC. (IMPRINT) |
| Place of publication, distribution, etc. |
[Berlin] |
| Name of publisher, distributor, etc. |
E. Schmidt |
| Date of publication, distribution, etc. |
[1973] |
| 300 ## - PHYSICAL DESCRIPTION |
| Extent |
180 p. |
| Dimensions |
21 cm. |
| 350 ## - PRICE (NR) (BK AM CF MU VM SE) [OBSOLETE] |
| Price |
24.00M |
| 440 #0 - SERIES STATEMENT/ADDED ENTRY--TITLE |
| Title |
Beiträge zur Umweltgestaltung, |
| Volume/sequential designation |
Heft A 9 |
| 500 ## - GENERAL NOTE |
| General note |
English, French, and German. |
| 611 20 - SUBJECT ADDED ENTRY--MEETING NAME |
| Meeting name or jurisdiction name as entry element |
United Nations Conference on the Human Environment |
| Date of meeting |
(1972 : |
| Location of meeting |
Stockholm, Sweden) |
| 650 #0 - SUBJECT ADDED ENTRY--TOPICAL TERM |
| Topical term or geographic name as entry element |
Human ecology |
| General subdivision |
Congresses. |
| 740 ## - ADDED ENTRY--UNCONTROLLED RELATED/ANALYTICAL TITLE |
| Uncontrolled related/analytical title |
Le point de vue parlementaire sur la Conférence de Stockholm. |
| 740 ## - ADDED ENTRY--UNCONTROLLED RELATED/ANALYTICAL TITLE |
| Uncontrolled related/analytical title |
Der parlamentarische Standpunkt zur Stockholmer |
| 906 ## - LOCAL DATA ELEMENT F, LDF (RLIN) |
| a |
7 |
| b |
cbc |
| c |
orignew |
| d |
2 |
| e |
opcn |
| f |
19 |
| g |
y-gencatlg |
| 942 ## - ADDED ENTRY ELEMENTS (KOHA) |
| Source of classification or shelving scheme |
Dewey Decimal Classification |
| Koha item type |
Books |